| 000 | 00636nam a22001571 4500 | ||
|---|---|---|---|
| 001 | c 98000056 | ||
| 003 | DLC | ||
| 005 | 20260227111037.0 | ||
| 008 | 810115s1898 kyuc 00010 eng | ||
| 010 | _ac 98000056 | ||
| 050 | 0 |
_aHS425 _b.H8 |
|
| 100 | 1 | 0 | _aHurd, Edward Franklin. |
| 245 | 1 | 4 |
_aThe Masonry of the Bible; _ba ... treatise on, and exposition of, the principles of ancient craft masonry, as they appear in the literal reading of the great light of masonry, which is in the Holy Bible. _cWith a personal introduction by ... R. R. Russell. |
| 260 | 0 |
_aLouisville, Ky. _bC. T. Dearing, _c1898. |
|
| 300 |
_a281 p. _bport. _c8⁰. |
||
| 999 |
_c13032 _d13032 |
||